000 01124nam a22002177a 4500
999 _c59156
_d59156
003 Ge_BSU
005 20221201112858.0
008 221201s1980ge xxu||||| |||| 00| 0 geo d
041 _ageo
080 _a910.4(09) ს - 66
100 _aსოზინა, ს.ა., ავტ.
_916272
245 _aჰორიზონტზეა ელდორადო : კოლუმბიის აღმოჩენისა და დაპყრობის ისტორიიდან /
_c ს.ა.სოზინა, [მთარგმნელი ო. გრატიაშვილი]
264 _aთბილისი :
_bსაბჭ. საქართველო,
_c1980.
300 _a259 გვ. ;
_b21 სმ.
653 _aკოლუმბიის აღმოჩენა.
653 _aკოლუმბიის ისტორია.
653 _aკოლუმბიის გეოგრაფია.
653 _aმოგზაურობა კოლუმბიაში.
700 _aგრატიაშვილი, ო
_eმთარგმნელი
_93499
942 _2udc
_cBK